|
|
|
|
| LEADER |
01563nam a22004214a 4500 |
| 001 |
EBC240428 |
| 003 |
MiAaPQ |
| 005 |
20200520144314.0 |
| 006 |
m o d | |
| 007 |
cr cn||||||||| |
| 008 |
020701s2002 enk sb 001 0 eng |
| 010 |
|
|
|z 2002026868
|
| 020 |
|
|
|z 0415286549
|
| 020 |
|
|
|z 0415286557 (pbk.)
|
| 035 |
|
|
|a (MiAaPQ)EBC240428
|
| 035 |
|
|
|a (Au-PeEL)EBL240428
|
| 035 |
|
|
|a (CaPaEBR)ebr10165969
|
| 035 |
|
|
|a (CaONFJC)MIL14103
|
| 035 |
|
|
|a (OCoLC)252972879
|
| 040 |
|
|
|a MiAaPQ
|c MiAaPQ
|d MiAaPQ
|
| 043 |
|
|
|a e-uk---
|
| 050 |
|
4 |
|a HT395.G7
|b T455 2002
|
| 082 |
0 |
4 |
|a 307.1/2/0941
|2 21
|
| 100 |
1 |
|
|a Tewdwr-Jones, Mark.
|
| 245 |
1 |
4 |
|a The planning polity
|h [electronic resource] :
|b planning, government, and the policy process /
|c Mark Tewdwr-Jones.
|
| 260 |
|
|
|a London ;
|a New York :
|b Routledge,
|c 2002.
|
| 300 |
|
|
|a xx, 330 p.
|
| 490 |
1 |
|
|a The RTPI library series
|
| 504 |
|
|
|a Includes bibliographical references (p. [297]-322) and index.
|
| 533 |
|
|
|a Electronic reproduction. Ann Arbor, MI : ProQuest, 2015. Available via World Wide Web. Access may be limited to ProQuest affiliated libraries.
|
| 650 |
|
0 |
|a Regional planning
|z Great Britain.
|
| 650 |
|
0 |
|a Regional planning
|x Environmental aspects
|z Great Britain.
|
| 651 |
|
0 |
|a Great Britain
|x Economic policy.
|
| 651 |
|
0 |
|a Great Britain
|x Politics and government.
|
| 655 |
|
4 |
|a Electronic books.
|
| 710 |
2 |
|
|a ProQuest (Firm)
|
| 830 |
|
0 |
|a RTPI library series.
|
| 856 |
4 |
0 |
|u https://ebookcentral.proquest.com/lib/matrademy/detail.action?docID=240428
|z Click to View
|